000 00600nam a2200205Ia 4500
005 20250508165228.0
008 008 250505s9999 xx 000 0 eng d
020 _a978-1-84920-610-5
037 _aTextBook
040 _aFEDL
_beng
_cFEDL
041 _aeng
_2eng
084 _a371.97, CHA/R
_qFEDL
100 _aChaudhary S N Ed.
_9780213
245 0 _aTribal education: Implications for development
260 _aNew Delhi, India
_bConcept Publishing Company
_c2012
300 _axviii, 334p.
365 _aINR
_b950
942 _cTB
_h371.97, CHA/R
999 _c1393945
_d1393945